Fire safety measures (Record no. 78670)

MARC details
000 -LEADER
fixed length control field 01188cab a22002295a 4500
001 - CONTROL NUMBER
control field L137596
008 - FIXED-LENGTH DATA ELEMENTS--GENERAL INFORMATION
fixed length control field 070417s2007 xxk f 000 0 eng d
035 ## - SYSTEM CONTROL NUMBER
System control number (Sirsi) u137596
041 0# - LANGUAGE CODE
Language code of text/sound track or separate title eng
110 2# - MAIN ENTRY--CORPORATE NAME
Corporate name or jurisdiction name as entry element Davis Langdon Mott Green Wall
Subordinate unit Cost Research Department
9 (RLIN) 5164
245 00 - TITLE STATEMENT
Title Fire safety measures
260 ## - PUBLICATION, DISTRIBUTION, ETC.
Date of publication, distribution, etc. 2007
490 #0 - SERIES STATEMENT
Series statement Building Services Journal
Volume/sequential designation 29(4) April 2007, 65-67(2)
520 ## - SUMMARY, ETC.
Summary, etc. Looks at the likely impact of the new Approved Document B on services budgets. Amendments to Approved Document B cover: smoke ventilation in blocks of flats; sprinkler protection; existing legislation; provision of fire-fighting shafts; unsprinklered compartment size; escape stairs in tall buildings; additional dry risers; floor cavity barriers; and provision of information. A table notes indicative cost against each amendment.
590 ## - LOCAL NOTE (RLIN)
Local note KA
650 24 - SUBJECT ADDED ENTRY--TOPICAL TERM
Topical term or geographic name entry element BUILDING REGULATIONS 2000 APPROVED DOCUMENT B VOLUME ONE (2006 EDITION)
650 24 - SUBJECT ADDED ENTRY--TOPICAL TERM
Topical term or geographic name entry element BUILDING REGULATIONS 2000 APPROVED DOCUMENT B VOLUME TWO (2006 EDITION)
651 #4 - SUBJECT ADDED ENTRY--GEOGRAPHIC NAME
Geographic name England and Wales
Chronological subdivision 1543-
690 ## - LOCAL SUBJECT ADDED ENTRY--TOPICAL TERM (OCLC, RLIN)
Topical term or geographic name as entry element Building regulations
9 (RLIN) 6224
690 ## - LOCAL SUBJECT ADDED ENTRY--TOPICAL TERM (OCLC, RLIN)
Topical term or geographic name as entry element MANAGEMENT-HEALTH AND SAFETY-FIRE SAFETY
942 ## - ADDED ENTRY ELEMENTS (KOHA)
Suppress in OPAC 0
Holdings
Withdrawn status Lost status Source of classification or shelving scheme Damaged status Not for loan Home library Current library Shelving location Date acquired Total Checkouts Full call number Barcode Date last seen Copy number Price effective from Koha item type
    Dewey Decimal Classification     London London Journal article 17/04/2007   L137596 137596-1001 06/08/2019 1 06/08/2019 Journal article